000 00672nam a2200229 a 4500
001 BRCA_3607
005 20190320204342.0
008 120809s1921----sp-a---###---#000-0#spa-#
041 _aspa
044 _asp
050 4 _aNK2600
_b.D66 1
_c1921
100 1 _aDomenech Gallissa, Rafael
_99357
245 1 0 _aMuebles antiguos españoles
_cpor Rafael Domenech y Luis Pérez Bueno.
260 _aBarcelona, España
_bM. Bayes
_c1921
300 _a1 portafolio, xix p.
_bil., 60 láminas
_c33 cm.
500 _aEjemplar igual a F105
500 _aB277
650 1 4 _aMuebles
_zEspaña
_93568
700 1 _aPérez Bueno, Luis
_eCoautor
_99358
902 _aGFM
942 _2lcc
_cB
999 _c3342
_d3342